[Event "Santa Susanna op 15th"]
[Site "Santa Susanna"]
[Date "2021.08.03"]
[Round "3"]
[White "Sanchez Aguilar, Arnau"]
[Black "Guzman Maglaya, Noli"]
[Result "1-0"]
[WhiteElo "1814"]
[BlackElo "1851"]
[PlyCount "49"]
[EventDate "2021.08.02"]
[EventType "swiss"]
[EventRounds "9"]
[EventCountry "ESP"]
[SourceTitle "EXT 2022"]
[Source "ChessBase"]
[SourceDate "2021.10.06"]
[SourceVersion "1"]
[SourceVersionDate "2021.10.06"]
[SourceQuality "1"]

1. e4 e5 2. Nf3 d6 3. Bc4 Be7 4. d4 exd4 5. c3 Nf6 6. Qxd4 0-0 7. 0-0 Nc6 8. Qe3 Ng4 9. Qe2 Nge5 10. Nxe5 Nxe5 11. Bb3 Bg4 12. f3 Be6 13. Be3 a5 14. Nd2 Bxb3 15. axb3 b6 16. f4 Nd7 17. Rf3 Bf6 18. Rh3 g6 19. Qg4 Bg7 20. Bd4 Qe7 21. Bxg7 Kxg7 22. Nf3 f5 23. exf5 Rxf5 24. Re1 Qf6 25. Nd4 1-0

[Event "Girona-ch"]
[Site "Banyoles"]
[Date "2018.12.02"]
[Round "9"]
[White "Guzman Maglaya, Noli"]
[Black "Ayllon Rodriguez, Joan Pedro"]
[Result "0-1"]
[WhiteElo "1822"]
[BlackElo "2152"]
[PlyCount "82"]
[EventDate "2018.09.30"]
[EventType "swiss"]
[EventRounds "9"]
[EventCountry "ESP"]
[SourceTitle "CBM 187 Extra"]
[Source "ChessBase"]
[SourceDate "2018.11.04"]
[SourceVersion "1"]
[SourceVersionDate "2018.11.04"]
[SourceQuality "1"]

1. d4 e6 2. e4 d5 3. e5 c5 4. c3 Nc6 5. Nf3 Qb6 6. Bd3 cxd4 7. cxd4 Bd7 8. Be2 Nh6 9. 0-0 Nf5 10. Nc3 Ncxd4 11. Nxd4 Nxd4 12. Be3 Nxe2+ 13. Nxe2 Bc5 14. Nd4 0-0 15. b4 Bxd4 16. Bxd4 Qxb4 17. Rb1 Qa5 18. Rxb7 Bb5 19. Re1 Rfc8 20. h3 Qa6 21. Re7 Kf8 22. Qg4 Kxe7 23. Qxg7 Be8 24. Be3 Qa5 25. Bg5+ Kd7 26. Rf1 Qb4 27. Qxh7 Qe4 28. Qg7 Qg6 29. Qf8 Kc6 30. Qd6+ Kb7 31. Qb4+ Ka6 32. Rb1 Qxb1+ 33. Qxb1 Rab8 34. Qd3+ Bb5 35. Qa3+ Kb7 36. Be3 a6 37. Qa5 Rc6 38. a4 Bd3 39. Qb4+ Kc8 40. Qe7 Rb3 41. a5 Rb7 0-1

[Event "Pont Major Gerunda op 1st"]
[Site "Pont Major"]
[Date "2016.04.15"]
[Round "2"]
[White "Blasco Vidal, Joan"]
[Black "Guzman Maglaya, Noli"]
[Result "0-1"]
[WhiteElo "1679"]
[BlackElo "1941"]
[PlyCount "61"]
[EventDate "2016.04.08"]
[EventType "swiss"]
[EventRounds "9"]
[EventCountry "ESP"]
[SourceTitle "EXT 2017"]
[Source "ChessBase"]
[SourceDate "2016.10.25"]
[SourceVersion "1"]
[SourceVersionDate "2016.10.25"]
[SourceQuality "1"]

1. e4 c5 2. Nf3 e6 3. d4 cxd4 4. Nxd4 Nf6 5. Nc3 Bb4 6. f3 h6 7. Bf4 a6 8. Bd2 Nc6 9. Nb3 0-0 10. a3 Be7 11. Qe2 b5 12. g4 Nh7 13. 0-0-0 b4 14. axb4 Nxb4 15. Na4 Qc7 16. Bc3 Na2+ 17. Kb1 Nxc3+ 18. Nxc3 Bf6 19. Qe3 Bxc3 20. bxc3 d6 21. Kb2 a5 22. Ra1 Bd7 23. f4 a4 24. Nd2 d5 25. e5 d4 26. Qxd4 Qb7+ 27. Ka2 Qxh1 28. Ne4 Bc6 29. Bd3 Qxh2 30. Nd6 Qg2 31. Rb1 0-1

[Event "Santa Eugenia op 10th"]
[Site "Santa Eugenia"]
[Date "2015.??.??"]
[Round "1"]
[White "Garcia Moles, Alex"]
[Black "Guzman Maglaya, Noli"]
[Result "0-1"]
[WhiteElo "1803"]
[BlackElo "2081"]
[PlyCount "42"]
[EventDate "2015.04.17"]
[EventType "swiss"]
[EventRounds "9"]
[EventCountry "ESP"]
[SourceTitle "EXT 2016"]
[Source "ChessBase"]
[SourceDate "2015.10.08"]
[SourceVersion "1"]
[SourceVersionDate "2015.10.08"]
[SourceQuality "1"]

1. e4 e5 2. Nf3 d6 3. d4 exd4 4. Nxd4 Nf6 5. Nc3 Be7 6. Bf4 0-0 7. Bc4 c6 8. 0-0 b5 9. Bd3 a6 10. b4 c5 11. bxc5 dxc5 12. Nf3 Bb7 13. Ng5 h6 14. e5 hxg5 15. exf6 Bxf6 16. Qh5 g6 17. Bxg6 fxg6 18. Qxg6+ Bg7 19. Rad1 Qf6 20. Qxf6 Bxf6 21. Bd2 Bc6 0-1

[Event "Santa Eugenia op 10th"]
[Site "Santa Eugenia"]
[Date "2015.??.??"]
[Round "4"]
[White "Guzman Maglaya, Noli"]
[Black "Perolet Perez, Miquel"]
[Result "1-0"]
[WhiteElo "2081"]
[BlackElo "1848"]
[PlyCount "89"]
[EventDate "2015.04.17"]
[EventType "swiss"]
[EventRounds "9"]
[EventCountry "ESP"]
[SourceTitle "EXT 2016"]
[Source "ChessBase"]
[SourceDate "2015.10.08"]
[SourceVersion "1"]
[SourceVersionDate "2015.10.08"]
[SourceQuality "1"]

1. d4 d5 2. c4 e6 3. Nc3 Nf6 4. Nf3 c6 5. e3 Nbd7 6. Bd3 dxc4 7. Bxc4 Nd5 8. 0-0 g6 9. e4 Nxc3 10. bxc3 Bg7 11. e5 Qa5 12. Bd2 b5 13. Bb3 Qb6 14. Ng5 Nf8 15. Ne4 Qd8 16. Nd6+ Ke7 17. Qf3 f6 18. Ne4 Nd7 19. exf6+ Nxf6 20. Nxf6 Bxf6 21. Qxc6 Bd7 22. Qc5+ Kf7 23. d5 exd5 24. Bxd5+ Kg7 25. Bxa8 Qxa8 26. Qd6 Qd8 27. Rad1 Be7 28. Bh6+ Kxh6 29. Qxd7 Qf8 30. Qh3+ Kg7 31. Rd7 Qf6 32. Qe3 Re8 33. Qxa7 Qe6 34. Qd4+ Kh6 35. Qd5 Qf6 36. Qxb5 Rf8 37. Rd3 Rc8 38. Rh3+ Kg7 39. Qd3 Rd8 40. Qe3 Kg8 41. Re1 Qf7 42. Rf3 Qe8 43. Qe6+ Kg7 44. g3 Rd7 45. Rf7+ 1-0

[Event "Girona Province-ch Seniors"]
[Site "Girona"]
[Date "2013.02.07"]
[Round "1"]
[White "Guzman Maglaya, Noli"]
[Black "Carraminana Puig, Jordi"]
[Result "1-0"]
[WhiteElo "1947"]
[BlackElo "1790"]
[PlyCount "145"]
[EventDate "2013.02.07"]
[EventType "swiss"]
[EventRounds "6"]
[EventCountry "ESP"]
[SourceTitle "EXT 2017"]
[Source "ChessBase"]
[SourceDate "2016.10.25"]
[SourceVersion "1"]
[SourceVersionDate "2016.10.25"]
[SourceQuality "1"]

1. e4 e6 2. d4 d5 3. e5 c5 4. c3 Nc6 5. Nf3 Qb6 6. Bd3 Bd7 7. 0-0 cxd4 8. a3 dxc3 9. Nxc3 Qc7 10. Nb5 Qb8 11. Re1 a6 12. Nbd4 Bc5 13. Nxc6 Bxc6 14. b4 Bb6 15. Ng5 h6 16. Qh5 g6 17. Bxg6 fxg6 18. Qxg6+ Kd8 19. Nf7+ Kd7 20. Nxh8 Ne7 21. Qxh6 Qxh8 22. Qxh8 Rxh8 23. Be3 Bxe3 24. Rxe3 Nf5 25. Rd3 Bb5 26. Rd2 Kc6 27. Rc1+ Bc4 28. Rc3 b5 29. g4 Rg8 30. h3 d4 31. Rf3 d3 32. Kh2 Nd4 33. Rg3 Rf8 34. Rdxd3 Bxd3 35. Rxd3 Nf3+ 36. Kg3 Nxe5 37. Rc3+ Kd6 38. f4 Nc4 39. Rd3+ Ke7 40. h4 Nb6 41. h5 Nd5 42. Rd4 Ne3 43. Re4 Nf1+ 44. Kh3 Nd2 45. Re2 Nf3 46. Kg3 Nd4 47. Re4 Rd8 48. h6 Kf7 49. g5 Nf5+ 50. Kg4 Rd1 51. h7 Rg1+ 52. Kf3 Rh1 53. g6+ Kxg6 54. Rxe6+ Kxh7 55. Rxa6 Nd4+ 56. Ke4 Nc2 57. Ra5 Ra1 58. Rxb5 Rxa3 59. Rb7+ Kg8 60. b5 Ra4+ 61. Ke5 Ne3 62. f5 Nc4+ 63. Kd5 Ne3+ 64. Ke5 Rb4 65. f6 Ng4+ 66. Ke6 Nxf6 67. Kxf6 Rb1 68. b6 Rb2 69. Ke6 Kf8 70. Rb8+ Kg7 71. Kd6 Rc2 72. Rb7+ Kf8 73. Rc7 1-0

[Event "Figueres op-B 13th"]
[Site "Figueres"]
[Date "2012.08.16"]
[Round "9"]
[White "Guzman Maglaya, Noli"]
[Black "Molina Carretero, Daniel"]
[Result "1-0"]
[WhiteElo "1966"]
[BlackElo "1421"]
[PlyCount "63"]
[EventDate "2012.08.09"]
[EventType "swiss"]
[EventRounds "9"]
[EventCountry "ESP"]
[SourceTitle "EXT 2017"]
[Source "ChessBase"]
[SourceDate "2016.10.25"]
[SourceVersion "1"]
[SourceVersionDate "2016.10.25"]
[SourceQuality "1"]

1. d4 d5 2. c4 c6 3. Nc3 Nf6 4. f3 Nbd7 5. e4 e6 6. e5 Ng8 7. Be3 dxc4 8. Bxc4 b5 9. Bd3 Bb7 10. Be4 a6 11. Nge2 f5 12. Bc2 Bb4 13. Bb3 Qe7 14. Nf4 Nf8 15. 0-0 g5 16. Nd3 f4 17. Bf2 Bxc3 18. bxc3 h5 19. Nc5 Nh6 20. Qd2 Rd8 21. Qc2 Nf5 22. Nxb7 Qxb7 23. Bxe6 Nxd4 24. cxd4 Nxe6 25. Rfd1 Kd7 26. Rac1 Rdg8 27. Qe4 Qa8 28. d5 cxd5 29. Rxd5+ Ke7 30. Qb4+ Kf7 31. Rd7+ Kg6 32. Qe7 1-0

[Event "Figueres op-B 13th"]
[Site "Figueres"]
[Date "2012.08.12"]
[Round "4"]
[White "Guzman Maglaya, Noli"]
[Black "Patrucco, Carlo"]
[Result "0-1"]
[WhiteElo "1966"]
[BlackElo "1860"]
[PlyCount "84"]
[EventDate "2012.08.09"]
[EventType "swiss"]
[EventRounds "9"]
[EventCountry "ESP"]
[SourceTitle "EXT 2017"]
[Source "ChessBase"]
[SourceDate "2016.10.25"]
[SourceVersion "1"]
[SourceVersionDate "2016.10.25"]
[SourceQuality "1"]

1. d4 Nf6 2. c4 c5 3. d5 b5 4. cxb5 a6 5. e3 g6 6. Nc3 Bg7 7. bxa6 Bxa6 8. Bxa6 Nxa6 9. Nge2 0-0 10. 0-0 d6 11. a3 Qb6 12. Rb1 Rfb8 13. h3 Nd7 14. b3 Qa5 15. Qc2 Nc7 16. e4 Nb5 17. Nxb5 Rxb5 18. a4 Rb7 19. Bd2 Qa6 20. a5 Qxe2 21. Rfe1 Qb5 22. b4 cxb4 23. Rxb4 Qa6 24. Rxb7 Qxb7 25. Rb1 Qa7 26. Qc6 Ne5 27. Qb6 Qxb6 28. axb6 Rb8 29. b7 Nd7 30. Be3 Nc5 31. Bxc5 dxc5 32. f4 Bd4+ 33. Kf1 Kf8 34. Ke2 Ke8 35. Kd3 Kd7 36. g4 Kc7 37. e5 Rxb7 38. Rxb7+ Kxb7 39. Ke4 Kc7 40. h4 Kd7 41. f5 gxf5+ 42. gxf5 h5 0-1

[Event "Figueres op 12th"]
[Site "Figueres"]
[Date "2011.08.15"]
[Round "6"]
[White "Guzman Maglaya, Noli"]
[Black "Triadu Cassa, Jordi"]
[Result "0-1"]
[WhiteElo "1977"]
[BlackElo "2083"]
[PlyCount "72"]
[EventDate "2011.08.11"]
[EventType "swiss"]
[EventRounds "9"]
[EventCountry "ESP"]
[SourceTitle "CBM 143 Extra"]
[Source "ChessBase"]
[SourceDate "2011.08.29"]
[SourceVersion "1"]
[SourceVersionDate "2011.08.29"]
[SourceQuality "1"]

1. d4 d5 2. c4 c6 3. Nc3 Nf6 4. e3 g6 5. Nf3 Bg7 6. cxd5 Nxd5 7. e4 Nxc3 8. bxc3 c5 9. Bb5+ Nd7 10. 0-0 0-0 11. e5 e6 12. Qe2 Qc7 13. a4 a6 14. Bd3 b6 15. Nd2 Bb7 16. Ne4 c4 17. Bc2 Rfb8 18. Nd6 Bd5 19. Ba3 b5 20. axb5 axb5 21. Bb4 Qc6 22. f3 Bf8 23. h4 Nb6 24. Qe3 Rxa1 25. Rxa1 Nc8 26. Qf4 Nxd6 27. exd6 Qd7 28. Be4 Rd8 29. Qf6 Bxd6 30. Bxd5 Bxb4 31. Bxe6 fxe6 32. cxb4 Qxd4+ 33. Qxd4 Rxd4 34. Ra5 c3 35. Kf2 c2 36. Ra8+ Kf7 0-1

[Event "Girona-chA"]
[Site "Girona"]
[Date "2004.??.??"]
[Round "6"]
[White "Guzman Maglaya, Noli"]
[Black "Parals Marce, Luis"]
[Result "0-1"]
[WhiteElo "2075"]
[BlackElo "2175"]
[PlyCount "144"]
[EventDate "2004.??.??"]
[EventType "swiss"]
[EventRounds "9"]
[EventCountry "ESP"]
[SourceTitle "EXT 2007"]
[Source "ChessBase"]
[SourceDate "2006.11.23"]
[SourceVersion "1"]
[SourceVersionDate "2006.11.23"]
[SourceQuality "1"]

1. d4 d5 2. c4 e6 3. Nc3 Nf6 4. e3 c6 5. Bd3 Be7 6. Nf3 Nbd7 7. a3 a6 8. c5 Qc7 9. 0-0 0-0 10. Qc2 b6 11. cxb6 Nxb6 12. Ne5 c5 13. Na4 Nxa4 14. Qxa4 c4 15. Be2 Bd7 16. Nxd7 Qxd7 17. Qc2 Rab8 18. f3 Qa7 19. Bd2 Bd6 20. Bc3 Qc7 21. g3 Rb5 22. Kg2 Qc6 23. Rae1 Bc7 24. a4 Rb7 25. Bd1 Bd6 26. e4 Bb4 27. e5 Nd7 28. f4 Rfb8 29. Rf2 Bxc3 30. bxc3 g6 31. g4 Qb6 32. f5 Qb1 33. Ref1 Rb2 34. Qxb1 Rxf2+ 35. Rxf2 Rxb1 36. Bc2 Ra1 37. f6 Ra3 38. Bd1 Rxc3 39. Rb2 Rd3 40. Rb7 Nf8 41. Be2 Ra3 42. h4 Rxa4 43. h5 Ra2 44. Kf3 a5 45. Ke3 a4 46. Ra7 Ra1 47. Ra8 a3 48. Kd2 Ra2+ 49. Ke3 c3 50. Rc8 Rc2 51. Ra8 a2 52. Bd3 Rb2 53. Ra7 c2 54. Bxc2 Rxc2 55. Ra8 gxh5 56. gxh5 Rh2 57. Kd3 h6 58. Kc3 Rh3+ 59. Kb4 Rxh5 60. Kc5 Rh2 61. Kd6 Rb2 62. Ke7 Rb7+ 63. Kd6 h5 64. Rxa2 Ng6 65. Ra8+ Kh7 66. Kc6 Rb4 67. Ra7 Nh8 68. Kd6 Rxd4 69. Ke7 Re4 70. Ra8 Rxe5 71. Rxh8+ Kxh8 72. Kxf7 h4 0-1

[Event "Girona-chA"]
[Site "Girona"]
[Date "2004.??.??"]
[Round "7"]
[White "Van Arkel, Johannes"]
[Black "Guzman Maglaya, Noli"]
[Result "1/2-1/2"]
[WhiteElo "1990"]
[BlackElo "2075"]
[PlyCount "93"]
[EventDate "2004.??.??"]
[EventType "swiss"]
[EventRounds "9"]
[EventCountry "ESP"]
[SourceTitle "EXT 2007"]
[Source "ChessBase"]
[SourceDate "2006.11.23"]
[SourceVersion "1"]
[SourceVersionDate "2006.11.23"]
[SourceQuality "1"]

1. Nf3 d5 2. b3 c5 3. e3 Nc6 4. Bb5 a6 5. Bxc6+ bxc6 6. d3 Bg4 7. Bb2 f6 8. Qe2 e5 9. e4 Bd6 10. 0-0 Ne7 11. Nc3 0-0 12. h3 Bh5 13. g4 Be8 14. Nh4 d4 15. Na4 Ng6 16. Nxg6 hxg6 17. Ba3 f5 18. f3 Bd7 19. Bxc5 Be6 20. Bxd6 Qxd6 21. Nb2 f4 22. Nc4 Bxc4 23. bxc4 Rab8 24. Rfb1 a5 25. Qe1 a4 26. Rxb8 Rxb8 27. Rb1 Qc7 28. Rb4 Rxb4 29. Qxb4 Qd8 30. Qb1 a3 31. Kh2 Qa5 32. c5 Qd2+ 33. Kh1 Qf2 34. Qd1 Kf7 35. g5 Qg3 36. Qf1 Qxg5 37. Qg2 Qxg2+ 38. Kxg2 g5 39. Kf2 Kf6 40. Ke2 Kg6 41. Kd2 Kh5 42. c3 dxc3+ 43. Kxc3 Kh4 44. d4 exd4+ 45. Kxd4 Kxh3 46. e5 g4 47. fxg4 1/2-1/2